| 000 | 01188cam a2200229 4500 | ||
|---|---|---|---|
| 001 | ABS67071 | ||
| 008 | 030924n2003 000 0 eng u | ||
| 035 | _a(Sirsi) u123706 | ||
| 100 | _aMikkola, A | ||
| 245 | _aEuroGlobalMap launches | ||
| 260 | _c2003 | ||
| 490 |
_aGeomatics World _v11(6) September/October 2003 |
||
| 520 | _aIn July 2003, EuroGeographics, the association of European National Mapping Agencies, launched the first release of the EuroGlobalMap (EGM) dataset. EGM is a digital topographic dataset which covers Europe at a scale of 1.1m. It is seamless and harmonised data, produced in co-operation by the national data mapping agencies of Europe, using official national databases. The production of the dataset was co-funded by the European Commission (eContent). The first release contains six themes; administrative boundaries; hydrography; transport; settlements; elevation and; named location (geographical names). [Taken from journal headnote]. | ||
| 590 | _aABS | ||
| 650 | _aEUROPE | ||
| 650 | _aDIGITAL MAP DATA | ||
| 650 | _aDIGITAL MAPS | ||
| 650 | _aGEOGRAPHICAL INFORMATION | ||
| 690 |
_aGeomatics _96242 |
||
| 700 | _aUrsin, H. | ||
| 942 | _n0 | ||
| 999 |
_c73447 _d73447 |
||